All Retired NHL Numbers - Statistics

General Stats
  • This quiz has been taken 5,578 times
    5,154 since last reset
  • The average score is 43 of 141
Answer Stats
Answer % Correct
Wayne Gretzky
99%
Teemu Selanne
77%
Patrick Roy
74%
Joe Sakic
73%
Bobby Hull
72%
Bobby Orr
72%
Brett Hull
72%
Mario Lemieux
72%
Mark Messier
72%
Gordie Howe
70%
Mark Howe
70%
Henri Richard
69%
Maurice Richard
69%
Ray Bourque
65%
Steve Yzerman
61%
Martin Brodeur
60%
Phil Esposito
60%
Tony Esposito
60%
Guy Lafleur
59%
Jari Kurri
59%
Mike Modano
58%
Peter Forsberg
58%
Mike Bossy
56%
Dominik Hasek
54%
Mats Sundin
54%
Daniel Alfredsson
52%
Wendel Clark
52%
Martin St. Louis
49%
Stan Mikita
49%
Paul Coffey
48%
Grant Fuhr
47%
Jacques Plante
47%
Jean Beliveau
46%
Marcel Dionne
46%
Luc Robitaille
45%
Pavel Bure
45%
Bryan Trottier
44%
Nicklas Lidstrom
44%
Scott Stevens
44%
Ron Francis
43%
Billy Smith
42%
Bobby Clarke
41%
Denis Potvin
39%
Ken Dryden
37%
Rod Brind'Amour
37%
Brian Leetch
36%
Doug Gilmour
35%
Larry Robinson
35%
Pat LaFontaine
35%
Rob Blake
35%
Adam Foote
34%
Scott Niedermayer
34%
Denis Savard
33%
Lanny McDonald
33%
Serge Savard
33%
Dale Hawerchuk
31%
Johnny Bucyk
31%
Glenn Anderson
30%
Jeremy Roenick
30%
Keith Tkachuk
30%
Cam Neely
29%
Terry Sawchuk
29%
Al MacInnis
28%
Markus Naslund
28%
Trevor Linden
28%
Mike Richter
27%
Gilbert Perreault
26%
Johnny Bower
26%
Mike Gartner
26%
Tim Horton
26%
Glenn Hall
25%
Bernie Parent
24%
Ted Lindsay
24%
Howie Morenz
23%
Bernie Geoffrion
22%
Borje Salming
22%
Darryl Sittler
22%
Doug Harvey
22%
Mike Vernon
22%
Yvan Cournoyer
22%
Bob Gainey
20%
Rod Gilbert
19%
Alex Delvecchio
18%
Bernie Federko
18%
Sid Abel
17%
Dave Keon
16%
Eddie Shore
16%
Ken Daneyko
16%
Red Kelly
16%
Adam Graves
15%
Bill Barber
15%
Elmer Lach
15%
Guy Lapointe
15%
Clark Gillies
14%
Dickie Moore
14%
Frank Mahovlich
14%
Rene Robert
14%
Rick Martin
14%
Syl Apps
14%
Andy Bathgate
13%
Bob Nystrom
13%
Dave Taylor
13%
Teppo Numminen
13%
Turk Broda
13%
Emile Bouchard
12%
Milt Schmidt
12%
Rogatien Vachon
12%
Dale Hunter
11%
Glen Wesley
11%
Pierre Pilote
11%
Rod Langway
11%
Brian Sutter
9%
George Armstrong
9%
Michel Briere
9%
Neal Broten
9%
Stan Smyl
9%
Terry O'Reilly
9%
Thomas Steen
9%
Charlie Conacher
8%
Eddie Giacomin
8%
Ted Kennedy
8%
Ace Bailey
7%
Dit Clapper
7%
Hap Day
7%
King Clancy
7%
Al Hamilton
6%
Bill Barilko
6%
Bill Masterton
6%
Danny Gare
6%
Barclay Plager
5%
Barry Ashbee
5%
Harry Howell
5%
Keith Magnuson
5%
Frank Finnigan
4%
Lionel Hitchman
4%
Bill Goldsworthy
3%
Yvon Labre
3%
Bill Torrey
2%
Bob Gassoff
2%
No matching quizzes found
Score Distribution
Percent of People with Each Score
Percentile by Number Answered
Your Score History
You have not taken this quiz since the last reset